1160 1940 1788 1826 1088 1697 1404 1943 1120 1771 1424 1357 1749 1505 1410 1307 1948 1791 1979 1902 1755 1466 1054 1160 1075 1658 1951 1093 1156 1683 1188 1137 1236 1872 1545 1281 1372 1458 1156 1601 1550 1731 1273 1201 1423 1996 1874 1747 1060 1324 1392 1905 1352 1190 1982 1741 1050 1032 1296 1752 1117 1330 1880 1100 1696 1545 1029 1853 1813 1891 1835 1326 1102 1207 1592 1118 1706 1701 1527 1525 1226 1311 1520 1637 1207 1127 1158 1927 1812 1660 1093 1114 1227 1385 1618 1977 1982 1099 1451 BCNSPRNW ULIB Ver.6.0+V

เปลี่ยนเป็นภาษาไทย

Change to English
 แสดงรายละเอียดบรรณานุกรม
  กลับหน้าหลัก

Brief Record : Get Marc (ISO 2709) : E-mail record : QR code < ปิดหน้าต่าง
LEADER : 00000nam 2200000uu 4500
001    13399110255
003     ULIB
008    110426s2543||||th 000 0 tha d
020    9747786214
060 04 WM105^bส715ค 2543
110 1  กระทรวงสาธารณสุข.^bกรมสุขภาพจิต
245 10 คู่มือการดูแลผู้มีปัญหาสุขภาพจิตและจิตเวชสำหรับเจ้าหน้าที่สาธารณสุข /^cกรมสุขภาพจิต
250    พิมพ์ครั้งที่ 4
260    กรุงเทพฯ :^bกรมสุขภาพจิต กระทรวงสาธารณสุข,^c2543
300    64 หน้า
650  7 ปัญหาสุขภาพจิต
650  7 สุขภาพจิต^xการดูแล
650  7 สุขภาพจิต^xการให้คำปรึกษา
945    ^p0^l0^i013340
945    ^p0^l0^i013339
945    ^p0^l0^i013338
945    ^p0^l0^i013337
945    ^p0^l0^i013336
945    ^p0^l0^i013335
945    ^p0^l0^i013334
945    ^p0^l0^i013333
945    ^p0^l0^i013332
945    ^p0^l0^i013331
945    ^p0^l0^i013330
945    ^p0^l0^i013329
945    ^p0^l0^i013328
945    ^p0^l0^i013327
945    ^p0^l0^i013326
945    ^p0^l0^i013324
945    ^p0^l0^i013322
945    ^p0^l0^i013320
945    ^p0^l0^i013318
945    ^p0^l0^i013316
945    ^p0^l0^i013314
945    ^p0^l0^i013312
945    ^p0^l0^i013310
945    ^p0^l0^i013308
945    ^p0^l0^i013306
945    ^p0^l0^i013304
945    ^p0^l0^i013302
945    ^p0^l0^i013300
945    ^p0^l0^i013298
945    ^p0^l0^i013296
945    ^p0^l0^i013294
945    ^p0^l0^i013292
945    ^p0^l0^i013325
945    ^p0^l0^i013323
945    ^p0^l0^i013321
945    ^p0^l0^i013319
945    ^p0^l0^i013317
945    ^p0^l0^i013315
945    ^p0^l0^i013313
945    ^p0^l0^i013311
945    ^p0^l0^i013309
945    ^p0^l0^i013307
945    ^p0^l0^i013305
945    ^p0^l0^i013303
945    ^p0^l0^i013301
945    ^p0^l0^i013299
945    ^p0^l0^i013297
945    ^p0^l0^i013295
945    ^p0^l0^i013293
945    ^p0^l0^i013291
995    ทศพร
999 ^a ใช้งานได้ทุกระบบ
รายการนี้ยังไม่มีแท็ก
คุณยังไม่ได้ล็อกอิน คุณสามารถมีกิจกรรมร่วมกับเว็บไซต์ได้ แต่ต้องล็อกอินก่อน ::
  ล็อกอิน

รายการสื่อสารสนเทศ

ลำดับที่ ประเภท เลขเรียก/บาร์โค้ด สถานที่ สถานะ
- ไม่พบข้อมูล -

รายการใกล้เคียง
    หัวเรื่อง [ปัญหาสุขภาพจิต]

BibComment


ยังไม่เคยถูกคอมเมนท์

คอมเมนท์ทรัพยากรรายการนี้
  คอมเมนท์: คู่มือการดูแลผู้ม..


 Copyright 2026. Bcnsprnw @Library